<?xml version="1.0" encoding="UTF-8"?><?xml-stylesheet type="text/xsl" href="static/style.xsl"?><OAI-PMH xmlns="http://www.openarchives.org/OAI/2.0/" xmlns:xsi="http://www.w3.org/2001/XMLSchema-instance" xsi:schemaLocation="http://www.openarchives.org/OAI/2.0/ http://www.openarchives.org/OAI/2.0/OAI-PMH.xsd"><responseDate>2026-04-17T06:28:32Z</responseDate><request verb="GetRecord" identifier="oai:www.recercat.cat:2117/441916" metadataPrefix="marc">https://recercat.cat/oai/request</request><GetRecord><record><header><identifier>oai:recercat.cat:2117/441916</identifier><datestamp>2026-01-21T10:39:59Z</datestamp><setSpec>com_2072_1033</setSpec><setSpec>col_2072_452950</setSpec></header><metadata><record xmlns="http://www.loc.gov/MARC21/slim" xmlns:dcterms="http://purl.org/dc/terms/" xmlns:xsi="http://www.w3.org/2001/XMLSchema-instance" xmlns:doc="http://www.lyncode.com/xoai" xsi:schemaLocation="http://www.loc.gov/MARC21/slim http://www.loc.gov/standards/marcxml/schema/MARC21slim.xsd">
   <leader>00925njm 22002777a 4500</leader>
   <datafield ind2=" " ind1=" " tag="042">
      <subfield code="a">dc</subfield>
   </datafield>
   <datafield ind2=" " ind1=" " tag="720">
      <subfield code="a">Herrera Giménez, Marc</subfield>
      <subfield code="e">author</subfield>
   </datafield>
   <datafield ind2=" " ind1=" " tag="720">
      <subfield code="a">López Martínez, Carlos</subfield>
      <subfield code="e">author</subfield>
   </datafield>
   <datafield ind2=" " ind1=" " tag="260">
      <subfield code="c">2025</subfield>
   </datafield>
   <datafield ind2=" " ind1=" " tag="520">
      <subfield code="a">La demostrada eficacia de las técnicas de radar de apertura sintética interferométrico (InSAR) ha impulsado él desarrollo de innovadoras misiones satelitales SAR, como BIOMASS y NiSAR, que estan preparadas para una amplia aplicación en el monitoreo forestal. No obstante, las metodologías actuales para la obtención de variables forestales, incluyendo la altura del bosque y la biomasa, presentan importantes limitaciones. Tradicionalmente, el mapeo de los bosques requiere una línea de base espacial perpendicular distinta de cero, polarimetría completa y una línea de base temporal relativamente pequeña (cercana a cero). Este estudio presenta un enfoque novedoso para la extracción de variables biofísicas forestales mediante la modelización de la decorrelación temporal de la coherencia InSAR. Se explora una hipótesis sobre la posible relación entre la decorrelación temporal de la coherencia InSAR y las variables forestales, como la altura de los árboles y la biomasa. Esta hipótesis se pone a prueba en diversas áreas de estudio en Finlandia, Canadá y Alemania. Los hallazgos sugieren un método viable para la extracción de información forestal  mediante la cuantificación de la decorrelación temporal de la coherencia InSAR en banda C. Se establece una relación clara entre la tasa de decaimiento temporal y variables forestales clave, como la biomasa del bosque y la altura de los árboles.</subfield>
   </datafield>
   <datafield ind2=" " ind1=" " tag="520">
      <subfield code="a">Este trabajo ha sido financiado por el Institut d’Estudis Espacials de Catalunya (IEEC) y el proyecto PID2023-149659OB-C22, financiado por MCIU / AEI / 10.13039/501100011033 / FEDER, UE.</subfield>
   </datafield>
   <datafield ind2=" " ind1=" " tag="520">
      <subfield code="a">Peer Reviewed</subfield>
   </datafield>
   <datafield ind2=" " ind1=" " tag="520">
      <subfield code="a">Postprint (published version)</subfield>
   </datafield>
   <datafield tag="653" ind2=" " ind1=" ">
      <subfield code="a">Àrees temàtiques de la UPC::Enginyeria de la telecomunicació::Radiocomunicació i exploració electromagnètica::Radar</subfield>
   </datafield>
   <datafield tag="653" ind2=" " ind1=" ">
      <subfield code="a">Radar de apertura sintética interferométrico (InSAR)</subfield>
   </datafield>
   <datafield tag="653" ind2=" " ind1=" ">
      <subfield code="a">Monitoreo forestal</subfield>
   </datafield>
   <datafield ind2="0" ind1="0" tag="245">
      <subfield code="a">Análisis de la decorrelación temporal InSAR en banda C sobre bosques boreales y templados</subfield>
   </datafield>
</record></metadata></record></GetRecord></OAI-PMH>